China, (Запис № 480485)

МАРК-запис
000 -LEADER
fixed length control field 01634cam a22003731 4500
001 - CONTROL NUMBER
control field chinalandofcharm00shan
003 - CONTROL NUMBER IDENTIFIER
control field CaSfIA
005 - DATE AND TIME OF LATEST TRANSACTION
control field 20210117223808.0
007 - PHYSICAL DESCRIPTION FIXED FIELD--GENERAL INFORMATION
fixed length control field cr||||
008 - FIXED-LENGTH DATA ELEMENTS--GENERAL INFORMATION
fixed length control field 771118s1964 cc a 000 0 eng
010 ## - LIBRARY OF CONGRESS CONTROL NUMBER
LC control number 65008067
040 ## - CATALOGING SOURCE
Original cataloging agency DLC
Transcribing agency OCP
Modifying agency DLC
-- NLGGC
-- BTCTA
-- SMI
-- CaSfIA
019 ## -
-- 8502867
-- 23321940
035 ## - SYSTEM CONTROL NUMBER
System control number (OCoLC)3430945
Canceled/invalid control number (OCoLC)8502867
-- (OCoLC)23321940
043 ## - GEOGRAPHIC AREA CODE
Geographic area code a-cc---
050 00 - LIBRARY OF CONGRESS CALL NUMBER
Classification number DS711
Item number .S4533
082 04 - DEWEY DECIMAL CLASSIFICATION NUMBER
Classification number 915.044
Item number qS528
084 ## - OTHER CLASSIFICATION NUMBER
Classification number 74.21
Source of number bcl
029 1# - (OCLC)
OCLC library identifier NLGGC
System control number 187550573
029 1# - (OCLC)
OCLC library identifier AU@
System control number 000001364842
029 1# - (OCLC)
OCLC library identifier AU@
System control number 000026210483
110 2# - MAIN ENTRY--CORPORATE NAME
Corporate name or jurisdiction name as entry element Shanghai ren min mei shu chu ban she.
245 10 - TITLE STATEMENT
Title China,
Medium [electronic resource]
Remainder of title land of charm and beauty.
246 30 - VARYING FORM OF TITLE
Title proper/short title China, land of charm and beauty.
260 ## - PUBLICATION, DISTRIBUTION, ETC. (IMPRINT)
Place of publication, distribution, etc Shanghai,
Name of publisher, distributor, etc Shanghai People's Fine Arts Pub. House,
Date of publication, distribution, etc 1964.
300 ## - PHYSICAL DESCRIPTION
Extent 216 p.
Other physical details (chiefly illus. (part col.))
Dimensions 30 cm.
500 ## - GENERAL NOTE
General note In colophon: Chiang shan ju tzu to chiao. Shang-hai jen min mei shu chu pan she pien chi.
506 ## - RESTRICTIONS ON ACCESS NOTE
Standardized terminology for access restriction Необхідна авторизація на https://archive.org/ (створення облікового запису безкоштовно)
506 ## - RESTRICTIONS ON ACCESS NOTE
Standardized terminology for access restriction Необхідна авторизація на https://openlibrary.org/ (створення облікового запису безкоштовно)
651 #0 - SUBJECT ADDED ENTRY--GEOGRAPHIC NAME
Geographic name China
Form subdivision Pictorial works.
856 41 - ELECTRONIC LOCATION AND ACCESS
Uniform Resource Identifier <a href="http://www.archive.org/details/chinalandofcharm00shan">http://www.archive.org/details/chinalandofcharm00shan</a>
Public note Free eBook from the Internet Archive
856 42 - ELECTRONIC LOCATION AND ACCESS
Uniform Resource Identifier <a href="http://www.openlibrary.org/books/OL5938693M">http://www.openlibrary.org/books/OL5938693M</a>
Public note Additional information and access via Open Library
942 ## - ADDED ENTRY ELEMENTS (KOHA)
Koha item type ЕКнига

Немає доступних примірників.